Statistics for World Countries - Large non-capital City

Click here to take the quiz!

General Stats

  • This quiz has been taken 170 times
    (167 since last reset)
  • The average score is 55 of 194

Answer Stats

Country Capital Cities % Correct
NigeriaAbujaLagos; Kano; Ibadan; Kaduna; Port Harcourt; Benin City; Maiduguri; Zaria
87%
ItalyRomaMilan; Naples; Turin; Palermo; Genoa; Bologna; Florence; Catania
87%
IndiaNew DelhiMumbai; Delhi; Bangalore; Kolkata; Chennai; Ahmedabad; Hyderabad; Pune
85%
EgyptCairoAlexandria; Al Jizah; Port Said; Suez; Al Mahallah al Kubra; Luxor; Asyut; Al Mansurah
83%
United StatesWashingtonNew York City; Los Angeles; Chicago; Houston; Philadelphia; Phoenix; San Antonio; San Diego
83%
FranceParisMarseille; Lyon; Toulouse; Nice; Nantes; Strasbourg; Montpellier; Bordeaux
83%
GermanyBerlinHamburg; Munich; Koeln; Frankfurt am Main; Essen; Stuttgart; Dortmund; Dusseldorf
80%
United KingdomLondonBirmingham; Glasgow; Liverpool; Leeds; Sheffield; Edinburgh; Bristol; Manchester
80%
AustraliaCanberraSydney; Melbourne; Brisbane; Perth; Adelaide; Gold Coast; Newcastle; Wollongong
78%
South AfricaPretoriaCape Town; Durban; Johannesburg; Soweto; Port Elizabeth; Pietermaritzburg; Benoni; Tembisa
78%
CanadaOttawaToronto; Montreal; Vancouver; Calgary; Edmonton; Mississauga; Winnipeg; Quebec
78%
FijiSuvaLautoka; Nadi; Lambasa; Ba; Levuka; Ahau
78%
IsraelJerusalemHaifa; Tel Aviv; Ashdod; Rishon LeZiyyon; Petah Tiqwa; Beersheba; Netanya; Holon
76%
MoroccoRabatCasablanca; Fes; Sale; Marrakesh; Agadir; Tangier; Meknes; Oujda
76%
SpainMadridBarcelona; Valencia; Sevilla; Zaragoza; Malaga; Murcia; Palma; Las Palmas de Gran Canaria
76%
ChinaBeijingShanghai; Zhumadian; Nanchong; Tai'an; Yueyang; Kaifeng; Wuhan; Chongqing
76%
TurkeyAnkaraIstanbul; Izmir; Bursa; Adana; Gaziantep; Konya; Cankaya; Antalya
76%
PortugalLisbonPorto; Amadora; Braga; Setubal; Coimbra; Queluz; Funchal; Cacem
74%
United Arab EmiratesAbu DhabiDubai; Sharjah; Al Ain; Ajman; Ras al-Khaimah; Al Fujayrah; Umm al Qaywayn; Khawr Fakkan
74%
SwitzerlandBernZurich; Geneve; Basel; Lausanne; Winterthur; Sankt Gallen; Luzern; Zuerich (Kreis 11)
74%
BelgiumBrusselsAntwerpen; Gent; Charleroi; Liege; Brugge; Namur; Leuven; Mons
74%
VietnamHanoiHo Chi Minh City; Da Nang; Haiphong; Bien Hoa; Hue; Nha Trang; Can Tho; Rach Gia
74%
PolandWarsawLodz; Krakow; Wroclaw; Poznan; Gdansk; Szczecin; Bydgoszcz; Lublin
74%
SwedenStockholmGoeteborg; Malmo; Uppsala; Vasteras; Orebro; Linkoping; Helsingborg; Huddinge
72%
IrelandDublinCork; Dun Laoghaire; Luimneach; Gaillimh; Tallaght; Waterford; Swords; Drogheda
72%
PakistanIslamabadKarachi; Lahore; Faisalabad; Rawalpindi; Multan; Hyderabad; Gujranwala; Peshawar
72%
JapanTokyoYokohama; Osaka-shi; Nagoya-shi; Sapporo; Kobe; Kyoto; Fukuoka-shi; Kawasaki
72%
NetherlandsAmsterdamRotterdam; The Hague; Utrecht; Eindhoven; Tilburg; Groningen; Almere Stad; Breda
72%
NorwayOsloBergen; Trondheim; Stavanger; Drammen; Fredrikstad; Kristiansand; Sandnes; Tromso
70%
RussiaMoscowSaint Petersburg; Novosibirsk; Yekaterinburg; Nizhniy Novgorod; Samara; Omsk; Kazan; Rostov-na-Donu
70%
BrazilBrasiliaSao Paolo; Rio de Janeiro; Salvador; Fortaleza; Belo Horizonte; Curitiba; Manaus; Recife
70%
AustriaViennaGraz; Linz; Salzburg; Innsbruck; Klagenfurt am Woerthersee; Villach; Wels; Sankt Polten
70%
VenezuelaCaracasMaracaibo; Maracay; Valencia; Barquisimeto; Ciudad Guayana; Barcelona; Maturin; Puerto La Cruz
70%
MontenegroPodgoricaNiksic; Herceg-Novi; Pljevlja; Budva; Bar; Bijelo Polje; Cetinje; Berane
67%
BoliviaSucreSanta Cruz de la Sierra; Cochabamba; La Paz; Oruro; Tarija; Potosi; Montero; Trinidad
65%
New ZealandWellingtonAuckland; Christchurch; Manukau City; Waitakere; North Shore; Hamilton; Dunedin; Tauranga
65%
Cote d'IvoireYamoussoukroAbidjan; Abobo; Bouake; Daloa; San-Pedro; Korhogo; Man; Divo
63%
MexicoMexico CityIztapalapa; Ecatepec; Guadalajara; Puebla; Ciudad Juarez; Tijuana; Ciudad Nezahualcoyotl; Gustavo A. Madero
61%
TanzaniaDodomaDar es Salaam; Mwanza; Zanzibar; Arusha; Mbeya; Morogoro; Tanga; Kigoma
61%
GreeceAthensThessaloniki; Piraeus; Patra; Peristeri; Irakleion; Larisa; Kallithea; Nikaia
61%
UkraineKievKharkiv; Dnipropetrovsk; Donetsk; Odessa; Zaporizhzhya; L'viv; Kryvyy Rih; Mykolayiv
59%
Saudi ArabiaRiyadhJeddah; Mecca; Medina; Sultanah; Dammam; Ta'if; Tabuk; Buraydah
57%
KazakhstanAstanaAlmaty; Karagandy; Shymkent; Taraz; Pavlodar; Ust-Kamenogorsk; Kyzylorda; Semey
57%
SyriaDamascusAleppo; Homs; Hamah; Latakia; Deir ez-Zor; Ar Raqqah; Al Bab; Idlib
57%
South KoreaSeoulBusan; Incheon; Daegu; Daejeon; Gwangju; Suwon-si; Goyang-si; Seongnam-si
57%
CroatiaZagrebSplit; Rijeka; Osijek; Zadar; Slavonski Brod; Pula; Sesvete; Karlovac
54%
BurmaNay Pyi TawYangon; Mandalay; Mawlamyine; Bago; Pathein; Monywa; Sittwe; Meiktila
54%
DenmarkCopenhagenArhus; Odense; Aalborg; Frederiksberg; Esbjerg; Randers; Kolding; Vejle
52%
FinlandHelsinkiEspoo; Tampere; Vantaa; Turku; Oulu; Lahti; Kuopio; Jyvaeskylae
50%
ColombiaBogotaCali; Medellin; Barranquilla; Cartagena; Cucuta; Bucaramanga; Pereira; Santa Marta
50%
MonacoMonacoMonte-Carlo; La Condamine; Fontvieille; Saint-Roman; Moneghetti
50%
TogoLomeSokode; Kara; Atakpame; Kpalime; Bassar; Tsevie; Aneho; Sansanne-Mango
50%
KenyaNairobiMombasa; Nakuru; Eldoret; Kisumu; Thika; Malindi; Kitale; Garissa
48%
BeninPorto-NovoCotonou; Abomey-Calavi; Djougou; Parakou; Bohicon; Kandi; Lokossa; Ouidah
48%
IraqBaghdadAl Basrah; Al Mawsil al Jadidah; Al Basrat al Qadimah; Mosul; Erbil; Abu Ghurayb; As Sulaymaniyah; Kirkuk
48%
CameroonYaoundeDouala; Garoua; Kousseri; Bamenda; Maroua; Bafoussam; Mokolo; Ngaoundere
46%
BelizeBelmopanBelize City; San Ignacio; Orange Walk; Dangriga; Corozal; San Pedro; Benque Viejo del Carmen; Punta Gorda
46%
Czech RepublicPragueBrno; Ostrava; Pilsen; Olomouc; Liberec; Ceske Budejovice; Hradec Kralove; Usti nad Labem
43%
RomaniaBucharestIasi; Cluj-Napoca; Timisoara; Craiova; Constanta; Galati; Brasov; Ploiesti
41%
AlgeriaAlgiersBoumerdas; Oran; Tebessa; Constantine; Biskra; Setif; Batna; Bab Ezzouar
41%
PhilippinesManilaQuezon City; Budta; Davao; Malingao; Cebu City; General Santos; Taguig; Pasig City
39%
BangladeshDhakaChittagong; Khulna; Rajshahi; Comilla; Rangpur; Tungi; Narsingdi; Cox's Bazar
39%
YemenSanaaAl Hudaydah; Ta`izz; Aden; Al Mukalla; Ibb; Dhamar; 'Amran; Sayyan
37%
LibyaTripoliBenghazi; Misratah; Tarhuna; Al Khums; Az Zawiyah; Zawiya; Ajdabiya; Sabha
37%
IranTehranMashhad; Isfahan; Karaj; Tabriz; Shiraz; Qom; Ahvaz; Kahriz
37%
IndonesiaJakartaSurabaya; Medan; Bandung; Bekasi; Palembang; Tangerang; Makassar; South Tangerang
37%
SerbiaBelgradeNis; Novi Sad; Zemun; Kragujevac; Cacak; Subotica; Leskovac; Novi Pazar
37%
AfghanistanKabulKandahar; Mazar-e Sharif; Herat; Jalalabad; Kunduz; Ghazni; Balkh; Baghlan
35%
EcuadorQuitoGuayaquil; Cuenca; Santo Domingo de los Colorados; Machala; Manta; Portoviejo; Eloy Alfaro; Esmeraldas
35%
ArgentinaBuenos AiresCordoba; Rosario; Mendoza; San Miguel de Tucuman; La Plata; Mar del Plata; Quilmes; Salta
33%
SlovakiaBratislavaKosice; Presov; Nitra; Zilina; Banska Bystrica; Trnava; Martin; Trencin
33%
BulgariaSofiaPlovdiv; Varna; Burgas; Ruse; Stara Zagora; Pleven; Sliven; Dobrich
33%
Sierra LeoneFreetownBo; Kenema; Koidu; Makeni; Lunsar; Port Loko; Waterloo; Kabala
30%
HungaryBudapestDebrecen; Miskolc; Szeged; Pecs; Budapest XI. keruelet; Gyor; Budapest III. keruelet; Budapest XIV. keruelet
30%
LithuaniaVilniusKaunas; Klaipeda; Siauliai; Panevezys; Alytus; Dainava (Kaunas); Marijampole; Mazeikiai
28%
ChileSantiagoPuente Alto; Antofagasta; Vina del Mar; Valparaiso; Talcahuano; San Bernardo; Temuco; Iquique
26%
BelarusMinskGomel; Mahilyow; Vitebsk; Hrodna; Brest; Babruysk; Baranovichi; Pinsk
26%
LebanonBeirutRa's Bayrut; Tripoli; Sidon; Tyre; Nabatiye et Tahta; Habbouch; Djounie; Zahle
26%
Trinidad and TobagoPort-of-SpainLaventille; Chaguanas; Mon Repos; San Fernando; Rio Claro; Arima; Marabella; Point Fortin
24%
Bosnia and HerzegovinaSarajevoBanja Luka; Zenica; Tuzla; Mostar; Bihac; Bugojno; Brcko; Bijeljina
24%
TunisiaTunisSfax; Sousse; Midoun; Kairouan; Bizerte; Gabes; Ariana; Kasserine
22%
LuxembourgLuxembourgEsch-sur-Alzette; Dudelange; Schifflange; Bettembourg; Petange; Ettelbruck; Diekirch; Strassen
22%
GrenadaSaint George'sGouyave; Grenville; Victoria; Saint David's; Sauteurs; Hillsborough
22%
Democratic Republic of the CongoKinshasaLubumbashi; Mbuji-Mayi; Kisangani; Masina; Kananga; Likasi; Kolwezi; Tshikapa
22%
SudanKhartoumOmdurman; Port Sudan; Kassala; El Obeid; Al Qadarif; Kosti; Wad Medani; El Daein
22%
LiechtensteinVaduzSchaan; Triesen; Balzers; Eschen; Mauren; Triesenberg; Ruggell; Gamprin
22%
EstoniaTallinnTartu; Narva; Kohtla-Jarve; Parnu; Viljandi; Rakvere; Sillamae; Maardu
22%
MaltaVallettaBirkirkara; Qormi; Mosta; Zabbar; San Pawl il-Bahar; Saint John; Fgura; Zejtun
20%
TaiwanTaipeiKaohsiung; Taichung; Tainan; Banqiao; Hsinchu; Taoyuan City; Keelung; Hualian
20%
AlbaniaTiranaDurres; Elbasan; Vlore; Shkoder; Fier-Cifci; Korce; Fier; Berat
20%
CubaHavanaSantiago de Cuba; Camaguey; Holguin; Guantanamo; Santa Clara; Diez de Octubre; Arroyo Naranjo; Arroyo Naranjo
20%
GeorgiaTbilisiK'ut'aisi; Batumi; Sokhumi; Zugdidi; Rust'avi; P'ot'i; Gori; Ts'khinvali
20%
SloveniaLjubljanaMaribor; Celje; Kranj; Velenje; Koper; Novo Mesto; Ptuj; Trbovlje
20%
PeruLimaArequipa; Callao; La Mochica baja; Trujillo; Chiclayo; Iquitos; Huancayo; Piura
17%
MoldovaChisinauTiraspol; Balti; Bender; Ribnita; Cahul; Ungheni; Soroca; Orhei
17%
IcelandReykjavikKopavogur; Hafnarfjoerdur; Akureyri; Gardabaer; Mosfellsbaer; Akranes; Selfoss; Seltjarnarnes
15%
Equatorial GuineaMalaboBata; Ebebiyin; Aconibe; Anisoc; Luba; Evinayong; Mongomo; Mikomeseng
15%
MalaysiaKuala LumpurKota Bharu; Klang; Kampung Baru Subang; Johor Bahru; Subang Jaya; Ipoh; Kuching; Petaling Jaya
15%
CyprusNicosiaLimassol; Larnaca; Famagusta; Paphos; Kyrenia; Protaras; Pergamos; Morfou
15%
Dominican RepublicSanto DomingoSantiago de los Caballeros; Santo Domingo Oeste; San Pedro de Macoris; La Romana; Bella Vista; San Cristobal; Puerto Plata; San Francisco de Macoris
15%
PanamaPanamaSan Miguelito; Tocumen; David; Arraijan; Colon; Las Cumbres; La Chorrera; Pacora
15%
JamaicaKingstonNew Kingston; Spanish Town; Portmore; Montego Bay; Mandeville; May Pen; Old Harbour; Linstead
13%
Cape VerdePraiaMindelo; Santa Maria; Cova Figueira; Santa Cruz; Pedra Badejo; Sao Filipe; Assomada; Tarrafal
13%
ThailandBangkokSamut Prakan; Mueang Nonthaburi; Udon Thani; Chon Buri; Nakhon Ratchasima; Chiang Mai; Hat Yai; Pak Kret
13%
UzbekistanTashkentNamangan; Samarqand; Andijon; Bukhara; Nukus; Qarshi; Qo`qon; Chirchiq
13%
GhanaAccraKumasi; Tamale; Takoradi; Achiaman; Tema; Teshi Old Town; Cape Coast; Sekondi-Takoradi
13%
CambodiaPhnom PenhTakeo; Sihanoukville; Battambang; Siem Reap; Paoy Pet; Kampong Chhnang; Kampong Cham; Pursat
13%
LatviaRigaDaugavpils; Vec-Liepaja; Liepaja; Jelgava; Jurmala; Ventspils; Rezekne; Jekabpils
13%
NamibiaWindhoekRundu; Walvis Bay; Oshakati; Swakopmund; Katima Mulilo; Grootfontein; Rehoboth; Otjiwarongo
13%
BahamasNassauLucaya; Freeport; West End; Cooper's Town; San Andros; George Town; Marsh Harbour; High Rock
13%
Republic of the CongoBrazzavillePointe-Noire; Dolisie; Kayes; Owando; Ouesso; Loandjili; Madingou; Gamboma
11%
BotswanaGaboroneFrancistown; Molepolole; Selebi-Phikwe; Maun; Serowe; Kanye; Mahalapye; Mogoditshane
11%
KosovoPristinaPrizren; Mitrovice; Gjakove; Peje; Suva Reka; Ferizaj; Glogovac; Gjilan
11%
AngolaLuandaN'dalatando; Huambo; Lobito; Benguela; Cuito; Lubango; Malanje; Namibe
11%
Costa RicaSan JoseLimon; San Francisco; Alajuela; Liberia; Paraiso; Puntarenas; San Isidro; Curridabat
11%
KyrgyzstanBishkekOsh; Jalal-Abad; Karakol; Tokmok; Kara-Balta; Naryn; Uzgen; Balykchy
11%
MacedoniaSkopjeBitola; Kumanovo; Prilep; Tetovo; Cair; Kisela Voda; Veles; Ohrid
11%
ZimbabweHarareBulawayo; Chitungwiza; Mutare; Gweru; Epworth; Kwekwe; Kadoma; Masvingo
11%
KiribatiTarawaBetio Village; Bikenibeu Village; Teaoraereke Village; Bairiki Village; Eita Village; Bonriki Village; Temaiku Village; Tabwakea Village
9%
ParaguayAsuncionCiudad del Este; San Lorenzo; Capiata; Lambare; Fernando de la Mora; Limpio; Nemby; Pedro Juan Caballero
9%
El SalvadorSan SalvadorSoyapango; Santa Ana; San Miguel; Mejicanos; Santa Tecla; Apopa; Delgado; Sonsonate
9%
HaitiPort-au-PrinceCarrefour; Delmas 73; Petionville; Port-de-Paix; Croix des Bouquets; Jacmel; Cap-Haitien; Leogane
9%
HondurasTegucigalpaSan Pedro Sula; Choloma; La Ceiba; El Progreso; Ciudad Choluteca; Comayagua; Puerto Cortez; La Lima
9%
TurkmenistanAshgabatTurkmenabat; Dasoguz; Mary; Balkanabat; Bayramaly; Turkmenbasy; Tejen; Buzmeyin
9%
EthiopiaAddis AbabaDire Dawa; Mekele; Nazret; Bahir Dar; Gondar; Dese; Hawassa; Jima
9%
GabonLibrevillePort-Gentil; Franceville; Oyem; Moanda; Mouila; Lambarene; Tchibanga; Koulamoutou
9%
ArmeniaYerevanGyumri; Vanadzor; Ejmiatsin; Hrazdan; Abovyan; Kapan; Ararat; Armavir
9%
ZambiaLusakaKitwe; Ndola; Kabwe; Chingola; Mufulira; Luanshya; Livingstone; Kasama
9%
SenegalDakarPikine; Touba; Thies Nones; Saint-Louis; Kaolack; Ziguinchor; Tiebo; Tambacounda
9%
San MarinoSan MarinoSerravalle; Borgo Maggiore; Domagnano; Fiorentino; Acquaviva; Faetano; Poggio di Chiesanuova; Monte Giardino
7%
MozambiqueMaputoMatola; Beira; Nampula; Chimoio; Nacala; Quelimane; Tete; Xai-Xai
7%
AzerbaijanBakuGanja; Sumqayit; Lǝnkǝran; Mingelchaur; Saatli; Qaracuxur; Sirvan; Bakixanov
7%
JordanAmmanZarqa; Irbid; Russeifa; Wadi as Sir; 'Ajlun; Aqaba; Madaba; As Salt
7%
SomaliaMogadishuHargeysa; Berbera; Kismayo; Marka; Jamaame; Baidoa; Burco; Bosaso
7%
MaliBamakoSikasso; Mopti; Koutiala; Segou; Gao; Kayes; Markala; Kolokani
7%
Saint Vincent and the GrenadinesKingstownGeorgetown; Byera Village; Biabou; Barrouallie; Port Elizabeth; Chateaubelair; Layou
7%
Sri LankaColomboGalkissa; Moratuwa; Jaffna; Negombo; Pita Kotte; Sri Jayewardenepura Kotte; Kandy; Trincomalee
7%
UruguayMontevideoSalto; Paysandu; Las Piedras; Rivera; Maldonado; Tacuarembo; Melo; Mercedes
7%
Papua New GuineaPort MoresbyLae; Arawa; Mount Hagen; Popondetta; Madang; Kokopo; Mendi; Kimbe
7%
MauritaniaNouakchottNouadhibou; Nema; Kaedi; Rosso; Kiffa; Zouerat; Atar; Tekane
4%
OmanMuscatAs Sib al Jadidah; Salalah; Bawshar; Al Sohar; As Suwayq; `Ibri; Saham; Barka'
4%
NigerNiameyZinder; Maradi; Agadez; Alaghsas; Tahoua; Dosso; Birni N Konni; Tessaoua
4%
AndorraAndorra la Vellales Escaldes; Encamp; Sant Julia de Loria; la Massana; Canillo; Ordino; Pas de la Casa; Arinsal
4%
NicaraguaManaguaLeon; Masaya; Tipitapa; Chinandega; Matagalpa; Esteli; Granada; Ciudad Sandino
4%
RwandaKigaliButare; Gitarama; Musanze; Gisenyi; Byumba; Cyangugu; Kibuye; Rwamagana
4%
Burkina FasoOuagadougouBobo-Dioulasso; Koudougou; Ouahigouya; Banfora; Dedougou; Kaya; Dori; Tenkodogo
4%
EritreaAsmaraKeren; Massawa; Assab; Mendefera; Barentu; Adi Keyh; Edd; Dek'emhare
4%
MalawiLilongweBlantyre; Mzuzu; Zomba; Kasungu; Mangochi; Karonga; Salima; Nkhotakota
4%
MadagascarAntananarivoToamasina; Antsirabe; Fianarantsoa; Mahajanga; Toliara; Antsiranana; Antanifotsy; Ambovombe
4%
UgandaKampalaGulu; Lira; Mbarara; Jinja; Bwizibwera; Mbale; Mukono; Kasese
4%
North KoreaPyongyangHamhung; Namp'o; Hungnam; Kaesong; Wonsan; Chongjin; Sariwon; Sinuiju
4%
Federated States of MicronesiaPalikirWeno Town; Tofol; Colonia; Kolonia; Kolonia Town; Fais; Kapingamarangi; Ngatik
4%
LiberiaMonroviaGbarnga; Kakata; Bensonville; Harper; Voinjama; Buchanan; Zwedru; New Yekepa
2%
GuatemalaGuatemala CityMixco; Villa Nueva; Petapa; San Juan Sacatepequez; Quetzaltenango; Villa Canales; Escuintla; Chinautla
2%
Guinea-BissauBissauBafata; Gabu; Bissora; Bolama; Cacheu; Catio; Bubaque; Mansoa
2%
GuineaConakryCamayenne; Nzerekore; Kindia; Kankan; Gueckedou; Coyah; Kamsar; Labe
2%
BarbadosBridgetownSpeightstown; Oistins; Bathsheba; Holetown; Crane; Greenland; Welchman Hall; Four Cross Roads
2%
GuyanaGeorgetownLinden; New Amsterdam; Anna Regina; Bartica; Skeldon; Rosignol; Mahaica Village; Mahdia
2%
BruneiBandar Seri BegawanKuala Belait; Seria; Tutong; Bangar
2%
Central African RepublicBanguiBimbo; Mbaiki; Berberati; Kaga Bandoro; Bozoum; Carnot; Sibut; Bambari
2%
BurundiBujumburaMuyinga; Ruyigi; Gitega; Ngozi; Rutana; Bururi; Makamba; Kayanza
2%
QatarDohaAr Rayyan; Umm Salal Muhammad; Al Wakrah; Al Khawr; Ash Shahaniyah; Dukhan; Umm Sa'id; Madinat ash Shamal
2%
NepalKathmanduPokhara; Patan; Biratnagar; Birganj; Dharan Bazar; Bharatpur; Janakpur; Dhangarhi
2%
BhutanThimphuPunakha; Tsirang; Phuntsholing; Pemagatshel; Sarpang; Samdrup Jongkhar; Wangdue Phodrang; Samtse
2%
ChadN'DjamenaMoundou; Sagh; Abeche; Kelo; Koumra; Pala; Am Timan; Bongor
2%
South SudanJubaMalakal; Wau; Pajok; Yambio; Yei; Aweil; Gogrial; Rumbek
2%
Sao Tome and PrincipeSao TomeSanto Antonio
2%
SwazilandMbabaneManzini; Big Bend; Malkerns; Mhlume; Hluti; Siteki; Piggs Peak; Lobamba
2%
DominicaRoseauPortsmouth; Marigot; Berekua; Mahaut; Saint Joseph; Wesley; Soufriere; Salisbury
2%
GambiaBanjulBrikama; Bakau; Farafenni; Lamin; Sukuta; Basse Santa Su; Gunjur; Soma
2%
TuvaluFunafutiAlapi Village; Fakaifou Village; Savave Village; Tanrake Village; Toga Village; Asau Village; Kulia Village
0%
TongaNuku'alofaNeiafu; Haveluloto; Vaini; Pangai; `Ohonua; Hihifo
0%
DjiboutiDjiboutiDanan; 'Ali Sabieh; Tadjoura; Obock; Dikhil; `Arta; Holhol; Goubetto
0%
SurinameParamariboLelydorp; Brokopondo; Nieuw Nickerie; Moengo; Nieuw Amsterdam; Marienburg; Wageningen; Albina
0%
ComorosMoroniMoutsamoudou; Fomboni; Domoni; Adda-Doueni; Sima; Ouani; Mirontsi; Mkiriwadjumoi
0%
Solomon IslandsHoniaraAuki; Gizo; Buala; Tulaghi; Kirakira; Lata; Taro'a
0%
VanuatuPort-VilaLuganville; Norsup; Port-Olry; Isangel; Sola; Lakatoro; Saratamata
0%
MauritiusPort LouisVacoas; Curepipe; Quatre Bornes; Triolet; Goodlands; Centre de Flacq; Bel Air Riviere Seche; Mahebourg
0%
KuwaitKuwait CityAl Ahmadi; Hawalli; As Salimiyah; Sabah as Salim; Al Farwaniyah; Al Fahahil; Ar Rumaythiyah; Ar Riqqah
0%
East TimorDiliSame; Maliana; Suai; Liquica; Aileu; Lospalos; Maubara; Venilale
0%
BahrainManamaAl Muharraq; Ar Rifa'; Dar Kulayb; Madinat Hamad; Madinat `Isa; Sitrah; Jidd Hafs; Al Hadd
0%
LaosVientianePakxe; Savannakhet; Louangphabang; Xam Nua; Muang Phonsavan; Phonsavan; Thakhek; Muang Xay
0%
MaldivesMaleFuvahmulah; Hithadhoo; Kulhudhuffushi; Thinadhoo; Naifaru; Dhidhdhoo; Viligili; Funadhoo
0%
TajikistanDushanbeKhujand; Kulob; Qurghonteppa; Istaravshan; Konibodom; Vahdat; Tursunzoda; Isfara
0%
MongoliaUlaanbaatarErdenet; Darhan; Khovd; OElgiy; Ulaangom; Hovd; Murun-kuren; Bayanhongor
0%
Antigua and BarbudaSaint John'sAll Saints; Piggotts; Liberta; Bolands; Potters Village; Codrington; Parham; Falmouth
0%
SeychellesVictoriaAnse Boileau; Bel Ombre; Beau Vallon; Cascade; Anse Royale; Takamaka; Port Glaud
0%
NauruYarenArijejen; Baiti; Anabar; Uaboe; Ijuw; Anibare
0%
PalauMelekeokKoror State; Koror Town; Kloulklubed; Ulimang; Mengellang; Ngchesar Hamlet; Melekeok Village; Ngchemiangel
0%
Marshall IslandsMajuroEbaye; Arno; Jabor; Wotje; Mili; Namdrik; Ebon; Kili
0%
LesothoMaseruMafeteng; Leribe; Maputsoe; Mohale's Hoek; Qacha's Nek; Quthing; Butha-Buthe; Nako
0%
Saint Kitts and NevisBasseterreFig Tree; Market Shop; Saint Paul's; Middle Island; Nicola Town; Trinity; Charlestown; Cayon
0%
Saint LuciaCastriesBisee; Vieux Fort; Micoud; Soufriere; Dennery; Gros Islet; Praslin; Canaries
0%
SamoaApiaAsau; Mulifanua; Faleula; Siusega; Malie; Fasito`outa; Vaiusu; Afenga
0%

Score Distribution

Percentile by Number Answered

Percent of People with Each Score

Your Score History

You have not taken this quiz since the last reset